UNIX for super-users /
Guardado en:
| Autor Principal: | |
|---|---|
| Formato: | Libro |
| Idioma: | English |
| Publicado: |
Wokingham, England ; Reading, Mass. :
Addison-Wesley,
c1985.
|
| Series: | International computer science series
|
| Materias: | |
| Etiquetas: |
Agregar Etiqueta
Sin Etiquetas, Sea el primero en etiquetar este registro!
|
| LEADER | 00664cam a2200217 a 4500 | ||
|---|---|---|---|
| 001 | DCC.dcic001221 | ||
| 008 | 850717s1985####enka##########001#0#eng## | ||
| 005 | 20151125141035.0 | ||
| 245 | 1 | 0 | |a UNIX for super-users / |c Eric Foxley. |
| 260 | |a Wokingham, England ; |a Reading, Mass. : |b Addison-Wesley, |c c1985. | ||
| 300 | |a xiv, 213 p. : |b il. ; |c 24 cm. | ||
| 440 | 0 | |a International computer science series | |
| 500 | |a Incluye índice. | ||
| 020 | |a 0201142287 | ||
| 100 | 1 | |a Foxley, Eric. | |
| 082 | 0 | 0 | |a 005.4/3 |2 19 |
| 630 | 0 | 0 | |a UNIX (Computer file) |
| 010 | |a 85015841 | ||
| 040 | |a DLC |c DLC |d DLC | ||
| 050 | 0 | 0 | |a QA76.76.O63 |b F69 1985 |
| 859 | |a DCIC |b BIB. COMPUTACION |p 1496 | ||
